Per grazia di Dio sono quello che sono (1 Cor. 15, 10)
Saved in:
| Institution som forfatter: | |
|---|---|
| Format: | Bog |
| Sprog: | engelsk |
| Udgivet: |
Milano
[s.n.]
[s.d.]
|
| Tags: |
Ingen Tags, Vær først til at tagge denne postø!
|
MARC
| LEADER | 00000nam a2200000 4500 | ||
|---|---|---|---|
| 001 | CDOM0000000161 | ||
| 003 | mi | ||
| 005 | 20250717144817.0 | ||
| 008 | 250703b |||||||| |||| 00| 0 eng d | ||
| 040 | |c Arcigay Genova | ||
| 110 | |a Gruppo Del Guado [a cura del] | ||
| 245 | 1 | |a Per grazia di Dio sono quello che sono (1 Cor. 15, 10) |c [a cura del] Gruppo Del Guado | |
| 260 | |a Milano |b [s.n.] |c [s.d.] | ||
| 300 | |a 75 p. |c ill. |c 21 cm. | ||
| 500 | |a Titolo dalla copertina. - In retrocopertina: Pro manuscripto. | ||
| 942 | |2 ddc |c BK | ||
| 952 | |0 0 |1 0 |2 ddc |4 0 |6 B_SSR04GUADOGRAZ11 |7 1 |9 4496 |a MI |b MI |d 2005-04-17 |i 103 |l 0 |o B-SSR04-GUADO-GRAZ11 |p CDOM103 |r 2025-07-03 11:33:46 |w 2025-07-03 |x DONO |y BK | ||
| 999 | |c 3516 |d 3516 | ||